01479nam a2200361Ia 4500001001200000003000800012006001900020007001500039008004100054010001700095020001800112020001500130040002100145035002100166050002900187245010800216260004400324300003100368490003700399504005100436533015200487650003500639650003500674650003700709650005600746650006800802655002900870700001800899710001700917830003800934856012600972999001901098ebr10245914CaPaEBRm u cr cn|||||||||080602s2008 ne ab sb 001 0 eng d z 2008927512 z9781402085543 z1402085540 aCaPaEBRcCaPaEBR a(OCoLC)27230818514aQH541.5.L3b.L225 2008eb00aLake Taihu, Chinah[electronic resource] :bdynamics and environmental change /cedited by Boqiang Qin. aDordrecht ;aLondon :bSpringer,c2008. axiii, 339 p. :bill., map.1 aMonographiae biologicae ;vv. 87 aIncludes bibliographical references and index. aElectronic reproduction.bPalo Alto, Calif. :cebrary,d2009.nAvailable via World Wide Web.nAccess may be limited to ebrary affiliated libraries. 0aLake ecologyzChinazTai Lake. 0aWater levelszChinazTai Lake. 0aEutrophicationzChinazTai Lake. 0aPlantsxEffect of water levels onzChinazTai Lake. 0aFreshwater animalsxEffect of water levels onzChinazTai Lake. 7aElectronic books.2local1 aQin, Boqiang.2 aebrary, Inc. 0aMonographiae biologicae ;vv. 87.40uhttp://site.ebrary.com/lib/rucke/Doc?id=10245914zAn electronic book accessible through the World Wide Web; click to view c150302d150302